[Event "Bottom-Half Class U1700"]
[Site "Warren, MI"]
[Date "2003.06.22"]
[Round "4.8"]
[White "Giles, Jerome"]
[Black "Wood, Jack"]
[Result "0-1"]
[WhiteElo "1480"]
[BlackElo "1634"]
[PlyCount "64"]
[EventDate "2003.06.21"]

1. e4 d6 2. Nf3 e5 3. Bc4 Be7 4. Nc3 Nf6 5. d4 Nbd7 6. dxe5 dxe5 7. O-O c6 8.
Qe2 b5 9. Bb3 a5 10. a3 Ba6 11. Qd1 b4 12. axb4 Bxf1 13. Kxf1 axb4 14. Rxa8
Qxa8 15. Na4 c5 16. Bg5 c4 17. Bxf6 gxf6 18. Qxd7+ Kxd7 19. Nb6+ Kc6 20. Nxa8
cxb3 21. cxb3 Rxa8 22. Ne1 Kc5 23. Ke2 Kd4 24. f3 Rc8 25. Kd2 Bf8 26. Nc2+ Kc5
27. Ne1 Bh6+ 28. Ke2 Kd4 29. g4 Bc1 30. Nd3 Rc2+ 31. Kd1 Kxd3 32. h4 Bd2 0-1

[Event "Bottom-Half Class U1700"]
[Site "Warren, MI"]
[Date "2003.06.22"]
[Round "5.10"]
[White "Giles, Jerome"]
[Black "Poniatowski, Don"]
[Result "0-1"]
[WhiteElo "1480"]
[BlackElo "1350"]
[PlyCount "112"]
[EventDate "2003.06.21"]

1. e4 d5 2. exd5 Nf6 3. c4 e6 4. Nc3 exd5 5. Nf3 Nc6 6. d4 Bb4 7. Bd2 O-O 8.
Bd3 Re8+ 9. Be3 Bxc3+ 10. bxc3 Be6 11. c5 Qd7 12. O-O Bf5 13. Ne5 Nxe5 14. dxe5
Bxd3 15. Qxd3 Ng4 16. Bd4 Nxe5 17. Qg3 Ng6 18. h4 h5 19. f4 Qf5 20. Rab1 b6 21.
c6 Re6 22. Rb2 Rae8 23. Rbf2 Rxc6 24. Qg5 Qxg5 25. fxg5 Rf8 26. g4 hxg4 27. Rh2
Re6 28. h5 c5 29. hxg6 cxd4 30. cxd4 Rxg6 31. Kg2 f6 32. Rfh1 Rxg5 33. Rh8+ Kf7
34. Rxf8+ Kxf8 35. Rh8+ Kf7 36. Ra8 g3 37. Rxa7+ Kg6 38. Rb7 Rg4 39. Rxb6 Rxd4
40. Kxg3 Ra4 41. Rd6 Rxa2 42. Rxd5 Ra4 43. Rb5 f5 44. Rb6+ Kg5 45. Rb7 g6 46.
Rb3 f4+ 47. Kh3 Kh5 48. Rb5+ g5 49. Rb8 Ra3+ 50. Kg2 Kg4 51. Rb2 f3+ 52. Kf2
Kh4 53. Rb1 g4 54. Rh1+ Kg5 55. Kg3 Ra2 56. Rf1 Rg2# 0-1

[Event "Bottom-Half Class U1900"]
[Site "Warren, MI"]
[Date "2003.06.22"]
[Round "4.1"]
[White "Garrison, Ray"]
[Black "Vandivier, Don"]
[Result "0-1"]
[WhiteElo "1887"]
[BlackElo "1883"]
[PlyCount "110"]
[EventDate "2003.06.21"]

1. b3 e5 2. Bb2 Nc6 3. e3 d5 4. Bb5 Bd6 5. c4 Nf6 6. Nf3 Qe7 7. c5 Bxc5 8. Nxe5
Bd7 9. Nxd7 Qxd7 10. Bxf6 gxf6 11. d4 Bb4+ 12. Nd2 a6 13. Bxc6 Qxc6 14. Rc1 Qd7
15. O-O O-O-O 16. Nb1 Rdg8 17. Kh1 c6 18. Nc3 Rg6 19. Qf3 Kb8 20. Ne2 Bd6 21.
Nf4 Rg4 22. Qh3 Qf5 23. f3 Rg5 24. Qxf5 Rxf5 25. g4 Rg5 26. h4 Rgg8 27. h5 Re8
28. Ng2 Rhg8 29. Rg1 Rg5 30. Rce1 f5 31. Nh4 fxg4 32. fxg4 Re4 33. Nf5 Bf8 34.
Kh2 Rexg4 35. Rxg4 Rxg4 36. Rg1 Rxg1 37. Kxg1 Kc8 38. Kg2 Kd7 39. Kf3 Ke6 40.
Kf4 Kf6 41. Kg4 b6 42. Kf4 Be7 43. Nxe7 Kxe7 44. Kg5 Kf8 45. Kf6 c5 46. dxc5
bxc5 47. Ke5 c4 48. bxc4 dxc4 49. Kd4 Kg7 50. Kxc4 Kh6 51. Kd3 Kxh5 52. Ke2 Kg4
53. Kf2 a5 54. a4 h5 55. Kg2 h4 0-1

[Event "Bottom-Half Class Top Section"]
[Site "Warren, MI"]
[Date "2003.06.22"]
[Round "4.1"]
[White "Finegold, Ben"]
[Black "Rahm, Sri"]
[Result "1-0"]
[WhiteElo "2631"]
[BlackElo "1937"]
[PlyCount "91"]
[EventDate "2003.06.21"]

1. d4 Nf6 2. c4 e6 3. Nc3 Bb4 4. Qc2 d5 5. cxd5 exd5 6. Bg5 c6 7. e3 h6 8. Bh4
O-O 9. Bd3 Re8 10. Nf3 Bg4 11. Ne5 Be6 12. f4 Be7 13. O-O Nh5 14. Bh7+ Kf8 15.
Bxe7+ Qxe7 16. g4 Nf6 17. h3 Nbd7 18. Bd3 Nxe5 19. dxe5 Ng8 20. Na4 Rad8 21.
Rac1 Qh4 22. Rf3 h5 23. g5 d4 24. e4 Bxh3 25. Qh2 Qg4+ 26. Kf2 Qh4+ 27. Qg3
Qxg3+ 28. Rxg3 Bc8 29. g6 f6 30. e6 Bxe6 31. f5 Bxa2 32. Ra1 b5 33. Nc5 Bc4 34.
Rxa7 Nh6 35. Bxc4 bxc4 36. Ne6+ Rxe6 37. fxe6 Ng4+ 38. Rxg4 Rb8 39. Rh4 Rxb2+
40. Kf3 Rb3+ 41. Kf4 Rb8 42. Rxh5 Kg8 43. e7 c3 44. Rd7 c2 45. Rd8+ Rxd8 46.
exd8=Q# 1-0

[Event "Bottom-Half Class U1900"]
[Site "Warren, MI"]
[Date "2003.06.22"]
[Round "5.3"]
[White "Farmand, Farnood"]
[Black "Dlugas, Dan"]
[Result "1/2-1/2"]
[WhiteElo "1725"]
[BlackElo "1737"]
[PlyCount "28"]
[EventDate "2003.06.21"]

1. d4 d5 2. c4 c6 3. Nf3 Nf6 4. Nc3 e6 5. e3 Nbd7 6. Bd3 dxc4 7. Bxc4 b5 8. Bd3
Bb7 9. O-O a6 10. e4 c5 11. e5 Nd5 12. Re1 Be7 13. a3 Rc8 14. Ne4 Qb6 1/2-1/2

[Event "Bottom-Half Class U1900"]
[Site "Warren, MI"]
[Date "2003.06.22"]
[Round "4.2"]
[White "Dupuis, Erik"]
[Black "Ho, Randy"]
[Result "1-0"]
[WhiteElo "1822"]
[BlackElo "1892"]
[PlyCount "77"]
[EventDate "2003.06.21"]

1. e4 d5 2. exd5 Nf6 3. Nc3 Nxd5 4. Bc4 c6 5. Qf3 e6 6. Nge2 Nd7 7. Qg3 N7f6 8.
d3 h6 9. Ne4 g6 10. c3 Nxe4 11. dxe4 Nf6 12. Be3 Nxe4 13. Qe5 Nf6 14. Rd1 Bd7
15. Nf4 Be7 16. Bxe6 fxe6 17. Nxe6 Qb8 18. Nc7+ Kf7 19. Bf4 Nd5 20. Rxd5 cxd5
21. Qxd5+ Kf8 22. Qxd7 Qc8 23. Qd4 Kf7 24. Qd5+ Kg7 25. Nxa8 Rd8 26. Be5+ Bf6
27. Bxf6+ Kxf6 28. Qf3+ Kg7 29. O-O Qxa8 30. Re1 Rd7 31. Re6 Rf7 32. Qe4 Qd8
33. Qxg6+ Kf8 34. Qxh6+ Rg7 35. Qh8+ Rg8 36. Qf6+ Qxf6 37. Rxf6+ Ke7 38. Rh6
Rd8 39. g3 1-0

[Event "Bottom-Half Class U1900"]
[Site "Warren, MI"]
[Date "2003.06.22"]
[Round "4.4"]
[White "Dlugas, Dan"]
[Black "Zubatch, Steve"]
[Result "1-0"]
[WhiteElo "1737"]
[BlackElo "1821"]
[PlyCount "80"]
[EventDate "2003.06.21"]

1. d4 Nf6 2. c4 g6 3. Nc3 Bg7 4. e4 d6 5. f3 O-O 6. Be3 c6 7. Bd3 Nbd7 8. Nge2
c5 9. O-O a6 10. Qd2 Re8 11. Rfd1 cxd4 12. Nxd4 Ne5 13. Be2 Bd7 14. Rac1 Rc8
15. Nd5 Nxd5 16. cxd5 e6 17. dxe6 Bxe6 18. Nxe6 Rxe6 19. Qd5 Nc6 20. Bxa6 Qd7
21. Bc4 Bxb2 22. Rb1 Bg7 23. Qb5 Re7 24. Bd5 h6 25. Rdc1 Kh7 26. Qd3 Ne5 27.
Qb3 Nc6 28. Rd1 f5 29. exf5 Qxf5 30. Be4 Qf6 31. Qd3 Rd7 32. Rb6 Qf7 33. Bd5
Qe7 34. Bf2 Qf8 35. Be6 Ne5 36. Qb1 Rdc7 37. Bxc8 Rxc8 38. Rbxd6 Nxf3+ 39. gxf3
Qxf3 40. Qxg6+ Kh8 1-0

[Event "Bottom-Half Class U1700"]
[Site "Warren, MI"]
[Date "2003.06.22"]
[Round "5.3"]
[White "Dillabough, Tracey"]
[Black "Fick II, Douglas"]
[Result "0-1"]
[WhiteElo "1593"]
[BlackElo "1657"]
[PlyCount "58"]
[EventDate "2003.06.21"]

1. d4 Nf6 2. c4 g6 3. Nc3 Bg7 4. Bf4 d6 5. e3 O-O 6. h3 Nbd7 7. Nf3 Re8 8. Be2
e5 9. Bh2 exd4 10. exd4 Nf8 11. O-O Bf5 12. Rc1 c5 13. d5 a6 14. g4 Bc8 15. Nd2
h5 16. f3 hxg4 17. fxg4 N6h7 18. Nf3 Ng5 19. Nxg5 Qxg5 20. Bxd6 Bd4+ 21. Kh2
Kg7 22. Qd3 Nd7 23. Qf3 Ne5 24. Bxe5+ Bxe5+ 25. Kg2 f5 26. Bd3 Rf8 27. Rce1 Bf6
28. Kf2 fxg4 29. Qg3 Be5+ 0-1

[Event "Bottom-Half Class U1900"]
[Site "Warren, MI"]
[Date "2003.06.22"]
[Round "1.5"]
[White "Balan, Alex"]
[Black "Farmand, Farnood"]
[Result "0-1"]
[WhiteElo "1852"]
[BlackElo "1725"]
[PlyCount "30"]
[EventDate "2003.06.21"]

1. e4 e5 2. Nf3 Nc6 3. d4 exd4 4. Nxd4 d6 5. Bf4 Nf6 6. Nc3 Be7 7. Nxc6 bxc6 8.
e5 Ng4 9. exd6 cxd6 10. Qd4 O-O 11. f3 Bf6 12. Qxd6 Qb6 13. Ne4 Bxb2 14. Rd1
Bc3+ 15. Bd2 Qe3+ 0-1

[Event "Bottom-Half Class U1700"]
[Site "Warren, MI"]
[Date "2003.06.22"]
[Round "4.7"]
[White "Asbury, Victor"]
[Black "Cottrell-Finegold, Kelly"]
[Result "0-1"]
[WhiteElo "1587"]
[BlackElo "1505"]
[PlyCount "37"]
[EventDate "2003.06.21"]

1. c4 c6 2. Nc3 Nf6 3. g3 d5 4. cxd5 cxd5 5. d4 Nc6 6. Bg2 e6 7. Nf3 Bb4 8. O-O
O-O 9. a3 Bd6 10. Nb5 Be7 11. Bf4 Bd7 12. Rc1 Qb6 13. a4 a6 14. Nc3 Qxb2 15.
Qc2 Qb6 16. Rb1 Qa7 17. e3 Rac8 18. Qb3 Na5 19. Qb2 {Remainder illegible, 40?}
0-1

[Event "Bottom-Half Class U1700"]
[Site "Warren, MI"]
[Date "2003.06.22"]
[Round "4.6"]
[White "Abdul, Ahmad"]
[Black "Saylor, Oliver"]
[Result "1/2-1/2"]
[WhiteElo "1340"]
[BlackElo "1549"]
[PlyCount "141"]
[EventDate "2003.06.21"]

1. d4 d5 2. c4 c6 3. Nf3 Nf6 4. Nc3 e6 5. e3 Bd6 6. Ne5 Bxe5 7. dxe5 Nfd7 8.
cxd5 cxd5 9. Bb5 O-O 10. Qd4 Nc6 11. Bxc6 bxc6 12. O-O c5 13. Qf4 Ba6 14. Rd1
Qc7 15. Qg3 Qxe5 16. f4 Qc7 17. b3 c4 18. Bb2 f6 19. b4 Qb8 20. Qh3 Qe8 21. Rd2
Rb8 22. a3 Rf7 23. e4 dxe4 24. Nxe4 Qe7 25. Rd6 Rb6 26. Rad1 Bc8 27. Qe3 h6 28.
Qd4 f5 29. Rxb6 Nxb6 30. Nd6 Rf8 31. Nxc8 Rxc8 32. Re1 Nd5 33. Qxd5 exd5 34.
Rxe7 c3 35. Bc1 Rd8 36. Re3 d4 37. Rd3 Kf7 38. Kf2 Ke6 39. Ke2 Kd5 40. Kd1 Kc4
41. Kc2 Re8 42. Rg3 Re2+ 43. Kb1 d3 44. Rxg7 d2 45. Bxd2 cxd2 46. Kc2 Kd4 47.
Rd7+ Ke3 48. Rd3+ Kxf4 49. Rxd2 Ke3 50. Rxe2+ Kxe2 51. h3 f4 52. a4 Kf2 53. a5
Kxg2 54. b5 f3 55. b6 axb6 56. axb6 f2 57. b7 f1=Q 58. b8=Q Qf2+ 59. Kd3 Qg3+
60. Qxg3+ Kxg3 61. Ke2 Kg2 62. h4 h5 63. Ke3 Kg3 64. Ke2 Kxh4 65. Kf2 Kg4 66.
Kg2 h4 67. Kh2 h3 68. Kh1 Kg3 69. Kg1 h2+ 70. Kh1 Kf2 71. Kxh2 1/2-1/2

[Event "World Open"]
[Site "Philadelphia, PA"]
[Date "2003.07.02"]
[Round "3"]
[White "Steigman, A.J."]
[Black "Cottrell-Finegold, Kelly"]
[Result "1-0"]
[WhiteElo "2239"]
[BlackElo "1505"]
[PlyCount "81"]
[EventDate "2003.06.28"]

1. e4 c6 2. Nc3 d6 3. g3 g6 4. Bg2 Bg7 5. Nge2 Nf6 6. O-O O-O 7. h3 e5 8. f4
exf4 9. gxf4 Qa5 10. Ng3 Nbd7 11. d3 b5 12. Be3 b4 13. Nce2 Nh5 14. Qc1 Bb7 15.
a3 Nxg3 16. Nxg3 a6 17. Qd2 c5 18. axb4 Qxb4 19. c3 Qb3 20. f5 Bh8 21. h4 d5
22. Ra3 Qb5 23. exd5 Ne5 24. c4 Qb6 25. Ne4 Rac8 26. b4 Qxb4 27. Qa2 Qb6 28.
Rb1 Qa7 29. Nxc5 Rxc5 30. Rxb7 Qxb7 31. Bxc5 Ra8 32. d6 Qc8 33. d4 Rb8 34. Rxa6
Nd3 35. fxg6 Qf5 36. Ra8 Rxa8 37. Qxa8+ Kg7 38. Qf3 Qxg6 39. d7 Ne1 40. Qf1
Nxg2 41. Qxg2 1-0

[Event "World Open"]
[Site "Philadelphia, PA"]
[Date "2003.07.03"]
[Round "4"]
[White "Cottrell-Finegold, Kelly"]
[Black "Burden, James"]
[Result "0-1"]
[WhiteElo "1505"]
[BlackElo "2204"]
[PlyCount "40"]
[EventDate "2003.06.28"]

1. d4 Nf6 2. c4 g6 3. Nf3 Bg7 4. Nc3 O-O 5. e4 d6 6. Be2 e5 7. Bg5 exd4 8. Nxd4
h6 9. Bh4 Nc6 10. Nxc6 bxc6 11. O-O Rb8 12. Rb1 Qe7 13. Bd3 Qe5 14. f4 Qa5 15.
Be1 Ng4 16. Qc1 Bd4+ 17. Kh1 Qh5 18. Bg3 Ne3 19. Re1 Nxg2 20. Kxg2 Bh3+ 0-1

[Event "World Open"]
[Site "Philadelphia, PA"]
[Date "2003.07.04"]
[Round "5"]
[White "Ross, Laura"]
[Black "Cottrell-Finegold, Kelly"]
[Result "1-0"]
[WhiteElo "2144"]
[BlackElo "1505"]
[PlyCount "39"]
[EventDate "2003.06.28"]

1. e4 c6 2. d4 d5 3. exd5 cxd5 4. c4 Nf6 5. Nc3 Bg4 6. Qb3 Nc6 7. cxd5 Na5 8.
Qa4+ Bd7 9. Bb5 g6 10. Nf3 a6 11. Bxd7+ Nxd7 12. O-O b5 13. Qd1 Nb6 14. Ne5
Nxd5 15. Qf3 Nf6 16. Nc6 Nxc6 17. Qxc6+ Nd7 18. Nd5 Ra7 19. Re1 h6 20. Nf6# 1-0

[Event "World Open U2200"]
[Site "Philadelphia, PA"]
[Date "2003.07.04"]
[Round "6"]
[White "Baze, Lineas"]
[Black "Said, Adel"]
[Result "1-0"]
[WhiteElo "2012"]
[BlackElo "2102"]
[Annotator "Lineas Baze"]
[PlyCount "109"]
[EventDate "2003.06.28"]

{Robatsch: Three Pawns This year, I went 4-3 against other Experts, with two
byes. Not good enough for prizes. In this game, I was outplayed, early, but
then got into a hard double-rook endgame. My opponent faltered, and I was able
to convert it into a win. Black's 20th move could have been better.} 1. e4 g6
2. d4 Bg7 3. f4 c6 4. Nf3 d5 5. e5 h5 6. c3 Nh6 7. Be3 Bg4 8. Be2 Nf5 9. Qd2
Nxe3 10. Qxe3 e6 11. Nbd2 Qb6 12. b3 Bf8 13. h3 Bxf3 14. Qxf3 c5 15. Qd3 Nc6
16. Nf3 cxd4 17. Nxd4 Bc5 18. Nc2 Bf2+ 19. Kd2 h4 20. Rhf1 Ke7 (20... g5) 21.
Qb5 Qxb5 22. Bxb5 Bg3 23. Bxc6 bxc6 24. Nd4 c5 25. Ne2 g5 {Too late for this,
now. Black loses a pawn.} (25... a5) 26. Nxg3 hxg3 27. Rae1 gxf4 28. Rxf4 Rh5
29. Rg4 $16 a5 30. Rxg3 a4 31. b4 $1 a3 $2 $18 32. Rf3 $2 $16 (32. bxc5 {A
couple of mistakes, here. My 33rd move will, fortunately, convert this into a
win.}) 32... cxb4 33. cxb4 $18 Rf5 34. Ree3 {The rest of my technique is
pretty good.} Rxf3 35. Rxf3 Rb8 36. Kc3 Rb5 37. g4 d4+ 38. Kc4 $1 (38. Kxd4 $2
{taking immediately probably throws away the win.}) 38... Rxe5 39. Kxd4 Rb5 40.
Kc4 Rb8 41. Rxa3 f5 42. gxf5 exf5 43. b5 Kd6 {Black has only cheapos
left--could have resigned.} 44. Rf3 Rc8+ 45. Kb4 Ke5 46. b6 Ke4 47. Rc3 Rb8 48.
Kb5 f4 49. Rc7 f3 50. Rf7 Ke3 51. b7 f2 52. Kb6 Rh8 53. Ka7 Rh7 (53... Rh4 54.
b8=Q Ra4+ 55. Kb7 Rb4+ 56. Kc7 Rxb8 57. Kxb8 Ke2 $18) 54. Rxh7 f1=Q 55. b8=Q {
Surprisingly, Black queens first, but is down a rook, with no perps.} 1-0

[Event "World Open"]
[Site "Philadelphia, PA"]
[Date "2003.07.05"]
[Round "7"]
[White "Ishii, Ichirou"]
[Black "Cottrell-Finegold, Kelly"]
[Result "1/2-1/2"]
[WhiteElo "1979"]
[BlackElo "1505"]
[PlyCount "78"]
[EventDate "2003.06.28"]

1. d4 d5 2. c4 c6 3. Nf3 Nf6 4. Nc3 Bf5 5. Qb3 b6 6. e3 e6 7. Be2 Be7 8. O-O
O-O 9. Ne5 dxc4 10. Qxc4 Qc7 11. b4 Rc8 12. Bb2 Ne4 13. Rfd1 Nd7 14. f4 Nxe5
15. fxe5 Bg5 16. Bc1 Bh4 17. Bf3 Ng5 18. Be2 Ne4 19. Rf1 Rab8 20. Nxe4 Bxe4 21.
Bf3 Bd5 22. Qd3 b5 23. Qc2 Bc4 24. Be2 Bxe2 25. Qxe2 a5 26. Bd2 axb4 27. Bxb4
Be7 28. a3 c5 29. Rfc1 Qa7 30. Bc3 c4 31. Qb2 Qa4 32. Bb4 Bg5 33. Rc3 Ra8 34.
Rb1 Rab8 35. Bc5 Bd8 36. Bb4 Bc7 37. Ra1 Bd8 38. Rb1 Bc7 39. Ra1 Bd8 1/2-1/2

[Event "World Open"]
[Site "Philadelphia, PA"]
[Date "2003.07.05"]
[Round "6"]
[White "Cottrell-Finegold, Kelly"]
[Black "Bakker, Joshua"]
[Result "0-1"]
[WhiteElo "1505"]
[BlackElo "2089"]
[PlyCount "85"]
[EventDate "2003.06.28"]

1. d4 Nf6 2. c4 e5 3. dxe5 Ne4 4. Nf3 Bb4+ 5. Bd2 Nxd2 6. Nbxd2 Nc6 7. g3 Qe7
8. Bg2 Nxe5 9. O-O O-O 10. a3 Bd6 11. Rc1 c6 12. b4 Bc7 13. Rc3 d6 14. Re3
Nxf3+ 15. Nxf3 Qf6 16. Qa1 Qxa1 17. Rxa1 Be6 18. Rc1 Rae8 19. Rc2 Bf5 20. Rcc3
Bd8 21. Rxe8 Rxe8 22. e3 Bf6 23. Rc1 Bb2 24. Rd1 Bxa3 25. Rxd6 Bxb4 26. Nd4
Bxd6 27. Nxf5 Bf8 28. Nd4 a5 29. Kf1 a4 30. Ke1 Rd8 31. Be4 a3 32. Bb1 Bb4+ 33.
Ke2 Bc3 34. Nb3 c5 35. Ba2 b5 36. cxb5 c4 37. Nc1 Rd2+ 38. Kf3 Rc2 39. b6 Rxc1
40. b7 Be5 41. Ke4 Bb8 42. Kd5 Rc2 43. Bxc4 0-1

[Event "World Open"]
[Site "Philadelphia, PA"]
[Date "2003.07.06"]
[Round "9"]
[White "Cottrell-Finegold, Kelly"]
[Black "Plunkett, Robert"]
[Result "0-1"]
[WhiteElo "1505"]
[BlackElo "2068"]
[PlyCount "70"]
[EventDate "2003.06.28"]

1. d4 d5 2. c4 c6 3. Nc3 Nf6 4. Nf3 e6 5. Bg5 dxc4 6. e4 b5 7. e5 h6 8. Bh4 g5
9. Nxg5 hxg5 10. Bxg5 Nbd7 11. exf6 Bb7 12. Qd2 Nxf6 13. O-O-O Be7 14. Qf4 Nd5
15. Bxe7 Nxf4 16. Bxd8 Rxd8 17. g3 Nh3 18. Bxh3 Rxh3 19. f4 c5 20. Rhg1 b4 21.
Na4 cxd4 22. Rd2 Rd5 23. Re1 Bc6 24. b3 Bxa4 25. bxa4 c3 26. Rf2 d3 27. Rd1 Rd4
28. Rh1 Kd7 29. Rhf1 Rh5 30. g4 Ra5 31. h4 Rxa4 32. h5 b3 33. Kb1 c2+ 34. Kb2
bxa2 35. Ka1 Rdb4 0-1

[Event "World Open"]
[Site "Philadelphia, PA"]
[Date "2003.07.06"]
[Round "8"]
[White "Beckman, Thomas"]
[Black "Cottrell-Finegold, Kelly"]
[Result "0-1"]
[WhiteElo "2040"]
[BlackElo "1505"]
[PlyCount "60"]
[EventDate "2003.06.28"]

1. d4 d5 2. Nf3 Nf6 3. e3 e6 4. Bd3 c5 5. b3 Nc6 6. O-O cxd4 7. exd4 Bd6 8. a3
O-O 9. Nbd2 b6 10. Bb2 Bb7 11. Qe2 Re8 12. Ne5 Rc8 13. f4 Bf8 14. Ndf3 a6 15.
Ng5 Rc7 16. f5 exf5 17. Rxf5 g6 18. Rf4 b5 19. Raf1 Bh6 20. h4 Bxg5 21. hxg5
Nxe5 22. gxf6 Nxd3 23. Qxd3 Rc6 24. Qh3 Ree6 25. Bc1 Rxc2 26. a4 Qc8 27. Ba3 h5
28. Rg4 Kh7 29. Rf5 Re1+ 30. Kh2 Qxf5 0-1

[Event "5th Kalamazoo Scholastic U13"]
[Site "Kalamazoo, MI"]
[Date "2003.07.12"]
[Round "2"]
[White "Vriesman, Michael"]
[Black "Johnson, David"]
[Result "1/2-1/2"]
[WhiteElo "888"]
[BlackElo "698"]
[Annotator "Marshall Johnson"]
[PlyCount "61"]
[EventDate "2003.07.12"]

1. d4 Nf6 2. Bg5 g6 3. Bxf6 $6 exf6 4. d5 $6 f5 $2 5. c4 ({White could have
embarrassed the Black K-side with:} 5. Qd4 $1) 5... Bg7 {Whew! Black is now
safe!} 6. Qd2 O-O 7. Nf3 Qf6 $5 {Black has designs on White's pawn@b2} 8. Qc3
$2 {White leaves himself open to a strong shot that Black misses, a more solid
reply is:} (8. Nc3 $11) 8... Qxc3+ $2 {One of those positions where it's good
to let your imagination run a little bit wild, kids -- if I move my Q, my B
will be attacking his Q -- it's kinda like a discovered check & my B is
protected by my K -- where could I put my Q? -- Oh, I see:} (8... Qb6 9. Ne5 (
9. Qb3 $2 Bxb2 $1 $19 {-5.81}) 9... d6 10. c5 Qb5 11. Na3 Qe8 12. Nac4 dxe5 $19
{-3.34}) 9. Nxc3 c6 {A little over-con fident in his ability to liquidate the
White pawn center, Black rushes in where any angel (at laest an angel rated
1400 or above!) would fear to tread. More realistic would be 9...d6 to stop
the d-pawn in his tracks. Another good move would be 9...a5 to keep the White
b-pawn from joining this dangerous jailbreak.} 10. d6 b5 $6 11. cxb5 cxb5 12.
Rb1 $6 {Passive, White could have struck fear in Black's heart with:} (12. Nxb5
Nc6 13. Rb1 $14) 12... Bb7 13. g3 $2 {Losing material.} Bxf3 $6 {Black could
have made things much more unpleasant for White:} (13... b4 14. Na4 Be4 15. Rc1
Nc6 16. Rg1 Bxf3 17. exf3 Rae8+ 18. Kd2 Nd4 $19 {-2.98 -- Black has White tied
up in knots.}) 14. exf3 Re8+ 15. Ne2 $6 {Undeveloping the N, rather than
developing the B?} Nc6 16. Bg2 $2 Re6 $6 {Not bad, but better was:} (16... Nd4
17. Bf1 Re6 18. Kd1 Rae8 19. Nxd4 Re1+ 20. Kc2 Rc8+ $19 {-5.41}) 17. O-O $2
Rxe2 18. b3 Rxa2 19. f4 Re8 $2 20. Bxc6 $1 dxc6 21. d7 {There's a dangerous
criminal loose! He must be stopped as soon & as cheaply as possible!} Rd8 22.
Rbd1 a5 $2 {22...Re2, followed closely by Re7 is what's called for, here.} 23.
Rfe1 Bf6 {This works (if properly executed) but better is:} (23... Kf8 $1 {
Keeping the R's off the back rank.}) 24. Re8+ Kg7 25. Rxd8 Bxd8 26. Re1 a4 $2 {
26...Rd2 would be good.} 27. Re8 axb3 (27... Bf6 $1 {Seems like a good
defensive type move.}) 28. Rxd8 b2 29. Rg8+ Kh6 $4 {Afraid of ghosts the Black
K slinks off into the corner, rather than taking the R & the easy win:} (29...
Kxg8 30. d8=Q+ Kg7 31. Qd4+ Kh6 32. Qd3 Ra1+ 33. Kg2 b1=Q $19 {-11.01}) 30. Kg2
b1=Q 31. d8=Q {Black offered a draw and White readily accepted.} 1/2-1/2

[Event "5th Kalamazoo Scholastic U13"]
[Site "Kalamazoo, MI"]
[Date "2003.07.12"]
[Round "1"]
[White "McGrew, Bethel"]
[Black "Johnson, David"]
[Result "0-1"]
[WhiteElo "1147"]
[BlackElo "698"]
[Annotator "Marshall Johnson"]
[PlyCount "56"]
[EventDate "2003.07.12"]

1. d4 Nf6 2. Nc3 g6 3. e4 Bg7 $2 {...d6 after e4, must always be played (in
general) when playing the Pirc, or Dragon or King's Indian to keep the enemy
pawn off e5!} 4. Nf3 $6 {White would have done better to immediately punish
Black for his insolence, with:} (4. e5 Ng8 5. Qf3 d6 6. Bc4 e6 7. Bf4 $16 {+1.
24 Jr.8 -- Black is doomed to a cramped position for some time.}) 4... O-O $2 (
4... d6 $1) 5. Bf4 $6 (5. e5 $1) 5... d6 $1 {Finally!} 6. Qd2 Nbd7 7. Bh6 c5 8.
dxc5 $6 Nxc5 $11 9. Bd3 $6 Nxd3+ {Possibly stronger was:} (9... Bxh6 10. Qxh6
Qb6 $15) 10. cxd3 Be6 11. Bxg7 Kxg7 12. Qg5 $6 {A premature excursion with no
fixed targets on the K-side which leaves the Q-side a bit deserted.} d5 $2 {
Better would be:} (12... Qb6 13. Rb1 Qa6 $11 {When White has problems to solve
on the Q-side.}) 13. Ne5 $2 {This innocent looking move is the beginning of
White's serious trouble. Better would be:} (13. e5 Nd7 14. O-O h6 15. Qh4 g5
16. Qa4 $11) 13... d4 $1 {The counter-attack begins.} 14. Ne2 Qa5+ 15. Kd1 $4 {
White could still save herself with:} (15. b4 Qxb4+ 16. Qd2 $15) 15... Bb3+ $1
(15... h6 16. Qd2 Qxe5 $19 {-4.93 Was a little better, but the text was very
pretty!!}) 16. Kc1 $2 {This gets White into serious trouble, better was to
bite the bullet & sac the exchange, with:} (16. axb3 Qxa1+ 17. Qc1 Qa2 18. Qd2
$19 {-3.97}) 16... Rac8+ 17. Kb1 Bc2+ 18. Kc1 Bxd3+ 19. Kd1 Qa4+ $2 {Attention
young players: Any time you have a "pendulum situation" such as this, where
you have a discovered check that the opponent can't get out of -- milk it for
all it's worth! Better was:} (19... Bc2+ 20. Kc1 Nxe4 21. Qf4 Ba4+ 22. Nc3 (22.
Kb1 $2 Nd2+ $1) 22... Nxc3 $1 {And White soon loses the Q to save mate.}) 20.
b3 Bxe2+ 21. Kxe2 Qb5+ 22. Kf3 Rc3+ 23. Kf4 Nh5+ 24. Kg4 Qe2+ 25. Kh4 Qxe4+ 26.
Ng4 f6 27. Qd2 g5+ $1 28. Kxh5 Qg6# 0-1

[Event "Flint Summer Swiss"]
[Site "Flint, MI"]
[Date "2003.07.12"]
[Round "1"]
[White "Kaminski, T."]
[Black "Finegold, Ben"]
[Result "0-1"]
[WhiteElo "1602"]
[BlackElo "2631"]
[PlyCount "54"]
[EventDate "2003.07.12"]

1. Nf3 c5 2. e3 Nf6 3. d4 g6 4. d5 Bg7 5. c4 O-O 6. Nc3 d6 7. g3 e6 8. Bg2 exd5
9. cxd5 b5 10. Nd2 Ba6 11. a3 Nbd7 12. f4 Re8 13. Nb3 Nb6 14. Na5 Qd7 15. h3 b4
16. axb4 cxb4 17. Ne2 Ne4 18. Bxe4 Rxe4 19. Qc2 Qb5 20. Kf2 Rae8 21. Nc6 b3 22.
Qd2 Nc4 23. Nc3 Qb6 24. Qd3 Nxe3 25. Bxe3 Rxe3 26. Qxa6 Re2+ 27. Kf1 Qf2# 0-1

[Event "5th Kalamazoo Scholastic U13"]
[Site "Kalamazoo, MI"]
[Date "2003.07.12"]
[Round "3"]
[White "Johnson, David"]
[Black "Brooks, Micheal"]
[Result "1-0"]
[WhiteElo "698"]
[BlackElo "883"]
[PlyCount "42"]
[EventDate "2003.07.12"]

1. Nf3 d5 2. g3 c5 3. Bg2 Nc6 4. O-O Nf6 5. d3 e5 6. c4 d4 7. Nbd2 Bg4 8. Qb3
Qb6 9. Qb5 Qd8 10. Nxe5 Bd7 11. Nxd7 Qxd7 12. Bxc6 Rd8 13. Bxd7+ Rxd7 14. b4
Be7 15. bxc5 Bxc5 16. Nb3 Be7 17. Bg5 O-O 18. Nxd4 Rxd4 19. e3 Rxd3 20. e4 h6
21. e5 hxg5 $138 1-0